North African Countries in Order of Size - Statistics

General Stats
  • This quiz has been taken 13 times
  • The average score is 2 of 14
Answer Stats
Country Country .... Word Bank Word Bank % Correct
1 Algeria . Algeria
100%
2 Sudan .. Cape Verde
73%
3 Libya Chad
36%
14 Cape Verde Tunisia
9%
4 Chad Egypt
9%
6 Mali Guinea Bissau
9%
5 Niger Gambia
9%
8 Egypt Mali
0%
13 Gambia Sudan
0%
12 Guinea Bissau Senegal
0%
7 Mauritania Libya
0%
9 Morocco Mauritania
0%
10 Senegal Morocco
0%
11 Tunisia Niger
0%
No matching quizzes found
Score Distribution
Percent of People with Each Score
Percentile by Number Answered
Your Score History
You have not taken this quiz